000 00221nam a22000857a 4500
008 170116b xxu||||| |||| 00| 0 eng d
100 _92421
_aSudhakar.S.et al
245 _aLiving in Harmony-2
260 _aNew Delhi
_bOxford
_c2010
999 _c5460
_d5460